[Event "Euro Online U2300 Day 1"]
[Site "chess.com INT"]
[Date "2020.05.25"]
[Round "6"]
[White "Reshetniak, Vitaliy"]
[Black "Lebediantsev, Ruslan"]
[Result "1-0"]
[WhiteElo "2026"]
[BlackElo "2075"]
[WhiteFideId "14125250"]
[BlackFideId "24135755"]
[EventDate "2020.05.25"]

1. d4 Nf6 2. c4 e6 3. Nc3 Bb4 4. f3 O-O 5. e4 d5 6. cxd5 exd5 7. e5 Nfd7 8. a3
Bxc3+ 9. bxc3 f6 10. exf6 Nxf6 11. Bd3 Nh5 12. Ne2 Qh4+ 13. g3 Qh3 14. Kf2 c5
15. Qc2 g6 16. Bh6 Ng7 17. Bxg7 Kxg7 18. Qd2 cxd4 19. Nf4 Qd7 20. cxd4 Nc6 21.
Rac1 Qd6 22. Rc5 Be6 23. Bb5 Rac8 24. Rhc1 Bf7 25. Nd3 Ne7 26. Ne5 Be6 27. Qb2
a6 28. Bd3 b6 29. Rxc8 Bxc8 30. g4 b5 31. Qb4 Qxb4 32. axb4 Kf6 33. h4 Ke6 34.
Rh1 Kd6 35. h5 Nc6 36. Nxc6 Kxc6 37. Kg3 Kb6 38. hxg6 hxg6 39. Rh6 Ka7 40. Rxg6
a5 41. bxa5 b4 42. Rb6 Re8 43. Rxb4 Re3 44. Bf5 Bxf5 45. gxf5 Ka6 46. Kf4 Re8
47. f6 Kxa5 48. f7 Rf8 49. Rb7 Ka6 50. Rd7 1-0

[Event "Euro Online U2300 Day 1"]
[Site "chess.com INT"]
[Date "2020.05.25"]
[Round "6"]
[White "Tsereteli, Kakhaber"]
[Black "Gerasimenyuk, Mikhail"]
[Result "1-0"]
[BlackTitle "FM"]
[WhiteElo "1990"]
[BlackElo "2133"]
[WhiteFideId "13604503"]
[BlackFideId "14111845"]
[EventDate "2020.05.25"]

1. e4 c6 2. d4 d5 3. e5 c5 4. dxc5 Nc6 5. Nf3 Bg4 6. c3 a5 7. Bb5 e6 8. Be3 Qc7
9. Bd4 Ne7 10. Nbd2 Ng6 11. Qa4 Be7 12. O-O O-O 13. Bxc6 bxc6 14. Rfe1 f5 15.
exf6 Bxf6 16. Bxf6 Rxf6 17. Qxg4 e5 18. Qg3 Re8 19. h4 Nf4 20. h5 h6 21. Qg4 e4
22. Nh4 Ref8 23. f3 Nd3 24. Re2 Rf4 25. Qg3 R8f6 26. Ng6 R4f5 27. Qxc7 1-0

[Event "Euro Online U2300 Day 1"]
[Site "chess.com INT"]
[Date "2020.05.25"]
[Round "6"]
[White "Ristic, Nenad"]
[Black "Akhmedov, David"]
[Result "1-0"]
[WhiteTitle "GM"]
[WhiteElo "2332"]
[BlackElo "1808"]
[WhiteFideId "901318"]
[BlackFideId "34220194"]
[EventDate "2020.05.25"]

1. e4 c5 2. Nf3 d6 3. Bb5+ Bd7 4. Bxd7+ Qxd7 5. O-O Nc6 6. c3 Nf6 7. d4 cxd4 8.
cxd4 Nxe4 9. d5 Ne5 10. Re1 Qf5 11. Qa4+ b5 12. Qxe4 Nxf3+ 13. Qxf3 Qxf3 14.
gxf3 Rc8 15. Nc3 a6 16. a4 b4 17. Ne4 Kd7 18. Bd2 a5 19. Rac1 Rxc1 20. Rxc1 e6
21. Ng5 Be7 22. Nxf7 Rf8 23. dxe6+ Kxe6 24. Ng5+ Bxg5 25. Bxg5 Rxf3 26. Be3 Rf5
27. Rc7 Rd5 28. Rxg7 Rd1+ 29. Kg2 Rb1 30. Rg5 d5 31. Bd4 Rd1 32. Bh8 Ra1 33. b3
Rb1 34. Re5+ Kd6 35. Re3 Kc5 36. Rd3 Re1 37. Bd4+ Kc6 38. Re3 Rb1 39. h4 h5 40.
f4 Rd1 41. Bg7 d4 42. Re6+ Kd5 43. Re5+ Kd6 44. Rxa5 d3 45. Ra8 Ke7 46. Kf2 d2
47. Ke2 Rb1 48. Kxd2 Rxb3 49. Rb8 Kd6 50. Rxb4 Rxb4 51. Bf8+ Kd5 52. Bxb4 Ke4
53. Bd6 Kf5 54. a5 Kg4 55. Be7 Kxf4 56. a6 Ke4 57. a7 Kd5 58. a8=Q+ Kc4 59. Qf3
Kd4 60. Qxh5 Ke4 61. Qg4+ Ke5 62. Bf6+ Kxf6 63. h5 Ke5 64. h6 Kd5 65. h7 Kc5 66.
h8=R Kb5 67. Rh5+ Kb6 68. Qg6+ Kb7 69. Rh7+ Kb8 70. Qg8# 1-0

[Event "Euro Online U2300 Day 1"]
[Site "chess.com INT"]
[Date "2020.05.25"]
[Round "6"]
[White "Gacek, Waldemar"]
[Black "Tzoumbas, Anastasios"]
[Result "0-1"]
[BlackTitle "FM"]
[WhiteElo "2081"]
[BlackElo "2284"]
[WhiteFideId "1111841"]
[BlackFideId "4200519"]
[EventDate "2020.05.25"]

1. Nf3 Nf6 2. c4 e6 3. Nc3 Bb4 4. g4 Nxg4 5. Rg1 Nh6 6. Rxg7 Nf5 7. Rg1 b6 8. e4
Nh4 9. d3 Be7 10. Bf4 Bb7 11. Nxh4 Bxh4 12. Be5 Bf6 13. Qh5 Nc6 14. Bxf6 Qxf6
15. Qg5 Ke7 16. O-O-O Qxg5+ 17. Rxg5 Rag8 18. Rxg8 Rxg8 19. d4 Rg4 20. f3 Rh4
21. Rd2 a6 22. h3 f5 23. exf5 Nxd4 24. fxe6 dxe6 25. Rg2 Bxf3 26. Rg7+ Kd6 27.
b3 e5 28. Nd1 Bxd1 29. Kxd1 Nf5 30. Rg8 Ne3+ 31. Ke2 Nxf1 32. Kxf1 Rxh3 33. Rd8+
Ke6 34. Re8+ Kf5 35. Re7 Kf4 36. Rxc7 Ke3 37. Rc6 Rh1+ 38. Kg2 Ra1 39. a4 Ra2+
40. Kg3 b5 41. axb5 axb5 42. cxb5 Rb2 43. Rc3+ Kd4 44. Rc4+ Kd5 45. Rb4 Kc5 46.
b6 Kxb4 47. b7 Rxb3+ 0-1

[Event "Euro Online U2300 Day 1"]
[Site "chess.com INT"]
[Date "2020.05.25"]
[Round "6"]
[White "Vega Gomez, Francisco B."]
[Black "Inyushkin, Sergei"]
[Result "0-1"]
[WhiteTitle "FM"]
[WhiteElo "2272"]
[BlackElo "1555"]
[WhiteFideId "2268086"]
[BlackFideId "4155122"]
[EventDate "2020.05.25"]

1. Nf3 Nf6 2. d4 d5 3. c4 e6 4. Nc3 c5 5. cxd5 exd5 6. e3 Nc6 7. Be2 Be7 8. O-O
c4 9. b3 Na5 10. bxc4 dxc4 11. e4 O-O 12. d5 Bb4 13. Bb2 Bxc3 14. Bxc3 Nxe4 15.
Bxa5 Qxa5 16. Bxc4 Bg4 17. h3 Bxf3 18. Qxf3 Nd2 19. Qd3 Nxf1 20. Rxf1 Qc5 21.
Rd1 Qd6 22. h4 Rac8 23. Bb3 Rfd8 24. Qf3 Rc5 25. g3 g6 26. Kg2 Kg7 27. Rd4 h5
28. Rf4 Rd7 29. Re4 Re7 30. Rf4 b5 31. Qd3 Rc1 32. Qd4+ Kg8 33. Qd2 Ree1 34. Qd4
b4 35. Qxa7 Rg1+ 36. Kf3 Rc3+ 37. Ke2 Qe5+ 38. Qe3 Rxe3+ 39. fxe3 Rg2+ 40. Kf3
Qb2 41. Ke4 Rf2 42. d6 Rxf4+ 43. gxf4 Kf8 44. Kd5 Ke8 45. e4 Qd2+ 46. Ke5 Qc3+
47. Kd5 Qd3+ 48. Ke5 Qg3 49. Bd5 Qxh4 50. Bc6+ Kd8 51. f5 gxf5 52. exf5 Qg5 53.
Bd5 f6+ 54. Ke6 Qg8+ 55. Kxf6 Qxd5 56. a3 Qxd6+ 57. Kg5 bxa3 58. f6 Qxf6+ 59.
Kxf6 a2 60. Kf7 a1=Q 61. Kg8 Qg1+ 62. Kf7 Kd7 63. Kf8 Qf2+ 64. Kg7 Ke7 65. Kg6
Qf4 66. Kh7 Qg5 67. Kh8 Kf7 68. Kh7 Qg7# 0-1

[Event "Euro Online U2300 Day 1"]
[Site "chess.com INT"]
[Date "2020.05.25"]
[Round "6"]
[White "Pruefer, Friedbert"]
[Black "Mitic, Milan"]
[Result "0-1"]
[WhiteElo "2249"]
[BlackElo "1993"]
[WhiteFideId "24699772"]
[BlackFideId "945560"]
[EventDate "2020.05.25"]

1. d4 f5 2. e4 fxe4 3. Nc3 Nf6 4. Bg5 e6 5. Nxe4 Be7 6. Nc3 b6 7. Nf3 Bb7 8. Be2
O-O 9. O-O Ne4 10. Nxe4 Bxe4 11. Bxe7 Qxe7 12. Nd2 Bb7 13. Bf3 Bxf3 14. Nxf3 Nc6
15. d5 exd5 16. Qxd5+ Qf7 17. Rad1 Qxd5 18. Rxd5 d6 19. c3 Rae8 20. Re1 Rxe1+
21. Nxe1 Ne5 22. h3 Kf7 23. Kf1 Ke6 24. Rd1 d5 25. Nd3 Nxd3 26. Rxd3 c5 27. Ke2
Rf5 28. g4 Re5+ 29. Re3 g5 30. Kd3 Rxe3+ 31. Kxe3 Ke5 32. b3 b5 33. a4 bxa4 34.
bxa4 a5 35. f3 c4 36. Ke2 d4 37. cxd4+ Kxd4 38. Kd2 c3+ 39. Kc2 Kc4 40. Kc1 Kb3
41. h4 gxh4 0-1

[Event "Euro Online U2300 Day 1"]
[Site "chess.com INT"]
[Date "2020.05.25"]
[Round "6"]
[White "Tevzadze, Mariam"]
[Black "Levin, Guy"]
[Result "1-0"]
[WhiteElo "1834"]
[BlackElo "2213"]
[WhiteFideId "13605470"]
[BlackFideId "2824213"]
[EventDate "2020.05.25"]

1. d4 Nf6 2. Nf3 g6 3. c4 Bg7 4. Nc3 d5 5. cxd5 Nxd5 6. e4 Nxc3 7. bxc3 c5 8.
Be3 O-O 9. Be2 Nc6 10. O-O Qc7 11. d5 Na5 12. Qc2 Bg4 13. h3 Bxf3 14. Bxf3 Nc4
15. Bg5 h6 16. Bh4 g5 17. Bg3 Be5 18. Bxe5 Qxe5 19. Rfe1 f6 20. Bg4 b6 21. Bf5
Kg7 22. g3 h5 23. Rf1 Rh8 24. f4 Qd6 25. Rae1 h4 26. e5 fxe5 27. fxe5 Qxd5 28.
Re2 Raf8 29. g4 e6 30. Rd1 Qc6 31. Bd3 Na3 32. Qc1 Rf4 33. Be4 Qb5 34. Bd3 Qa4
35. Re4 Rxe4 36. Qxg5+ Kf8 37. Qf6+ Ke8 38. Qxh8+ Ke7 39. Qf6+ Ke8 40. Qg6+ Ke7
41. Qf6+ Ke8 42. Bb5+ Qxb5 43. Rd8# 1-0

[Event "Euro Online U2300 Day 1"]
[Site "chess.com INT"]
[Date "2020.05.25"]
[Round "6"]
[White "Olsen, Filip Boe"]
[Black "Kastner, Walter"]
[Result "1/2-1/2"]
[WhiteTitle "IM"]
[BlackTitle "FM"]
[WhiteElo "2353"]
[BlackElo "2187"]
[WhiteFideId "1440640"]
[BlackFideId "1602500"]
[EventDate "2020.05.25"]

1. d4 d5 2. Bf4 Nf6 3. e3 e6 4. Nf3 c5 5. c3 Nc6 6. Nbd2 Be7 7. h3 Bd6 8. Bxd6
Qxd6 9. Bd3 O-O 10. Qe2 e5 11. dxe5 Nxe5 12. Nxe5 Qxe5 13. Nf3 Qe7 14. O-O b6
15. Rad1 Bb7 16. Bb1 Rad8 17. a3 Rfe8 18. Qc2 g6 19. Nd2 d4 20. cxd4 cxd4 21.
exd4 Rxd4 22. Nc4 Rxd1 23. Rxd1 Be4 24. Qc3 Bxb1 25. Rxb1 Nd5 26. Qd4 Qe4 27.
Qxe4 Rxe4 28. Nd6 Re2 29. g3 a5 30. Rd1 Nc7 31. Nc4 Ne6 32. Nxb6 Rxb2 33. Nc4
Ra2 34. Rd7 Nc5 35. Ra7 a4 36. Nd6 Rxa3 37. Nxf7 Ra1+ 38. Kg2 a3 39. Nh6+ Kf8
40. Rxh7 a2 41. Rf7+ Ke8 42. Ra7 Ne4 43. Nf7 Nc3 44. Nd6+ Kf8 45. Ra3 Rd1 46.
Nb5 a1=Q 47. Rxa1 Rxa1 48. Nxc3 Kg7 49. h4 Ra3 50. Nd5 Rd3 51. Nf4 1/2-1/2

[Event "Euro Online U2300 Day 1"]
[Site "chess.com INT"]
[Date "2020.05.25"]
[Round "6"]
[White "Budrewicz, Krzysztof"]
[Black "Skalsky, Alexandr"]
[Result "1-0"]
[WhiteElo "2227"]
[BlackElo "2251"]
[WhiteFideId "1127950"]
[BlackFideId "381799"]
[EventDate "2020.05.25"]

1. d4 Nf6 2. c4 g6 3. Nc3 d5 4. Nf3 Bg7 5. Bf4 O-O 6. e3 c5 7. dxc5 Ne4 8. Rc1
Nd7 9. cxd5 Qa5 10. Nd4 Nxc3 11. bxc3 Qxa2 12. c6 Nc5 13. Be2 Qxd5 14. Bf3 Qc4
15. Be2 Qd5 16. c4 Qxg2 17. Bf3 Qh3 18. Bg3 e5 19. Nb5 e4 20. Be2 bxc6 21. Nc7
Rb8 22. Nd5 cxd5 23. Bxb8 Ba6 24. Bd6 Qg2 25. Rf1 Rc8 26. Qxd5 Nb3 27. Rc2 Na1
28. Ra2 Bc3+ 29. Kd1 Nb3 30. Rxa6 Rd8 31. Rxa7 Na5 32. Qxf7+ Kh8 33. Qxh7# 1-0

[Event "Euro Online U2300 Day 1"]
[Site "chess.com INT"]
[Date "2020.05.25"]
[Round "6"]
[White "Tymrakiewicz, Rafal"]
[Black "Staub, Ludovic"]
[Result "1-0"]
[WhiteTitle "FM"]
[WhiteElo "2253"]
[BlackElo "2105"]
[WhiteFideId "1108832"]
[BlackFideId "1310879"]
[EventDate "2020.05.25"]

1. d4 d5 2. Bf4 Nf6 3. e3 e6 4. Nd2 c5 5. c3 Nc6 6. Ngf3 Bd6 7. Bg3 O-O 8. Bd3
b6 9. Ne5 Bb7 10. f4 Nd7 11. O-O f5 12. Ndf3 Nf6 13. Bh4 Be7 14. Nxc6 Bxc6 15.
Ne5 Bb7 16. Bxf6 Bxf6 17. Kh1 Bxe5 18. fxe5 a5 19. g4 g6 20. Qe2 Kh8 21. Rf4 Qe7
22. Rg1 Rg8 23. Qg2 Raf8 24. Qg3 Bc6 25. Rg2 b5 26. h4 b4 27. g5 c4 28. Bc2 Rb8
29. h5 Kg7 30. Rh4 Rh8 31. Rgh2 b3 32. axb3 cxb3 33. Bb1 a4 34. Qh3 Be8 35. hxg6
Bxg6 36. Rf4 Qxg5 37. Rg2 Qh6 38. Rh4 Qxh4 39. Qxh4 1-0

[Event "Euro Online U2300 Day 1"]
[Site "chess.com INT"]
[Date "2020.05.25"]
[Round "6"]
[White "Flajsman, Pavel"]
[Black "Salopaa, Tero"]
[Result "1-0"]
[WhiteElo "2162"]
[BlackElo "2024"]
[WhiteFideId "391476"]
[BlackFideId "508284"]
[EventDate "2020.05.25"]

1. d4 e6 2. g3 Nf6 3. c4 c6 4. Bg2 d5 5. Nf3 Be7 6. O-O O-O 7. Nc3 b6 8. Ne5 Bb7
9. Qa4 dxc4 10. Qxc4 Nd5 11. Nxd5 cxd5 12. Qa4 Bf6 13. f4 Bxe5 14. fxe5 Ba6 15.
Rf2 Qe8 16. Qa3 Qb5 17. Bd2 Nc6 18. e3 Na5 19. Bxa5 bxa5 20. Rc1 Qd3 21. Qxa5
Qxe3 22. Re1 Qd3 23. Bf1 Qxd4 24. Qxa6 Rab8 25. Qd3 Qb4 26. Qd2 Qb6 27. Bd3 g6
28. Rc1 Rfc8 29. Rxc8+ Rxc8 30. Qf4 Rc7 31. h4 Qa5 32. h5 Qxa2 33. h6 Qa1+ 34.
Bf1 Qc1 35. Qf6 Qxh6 36. Qd8+ Kg7 37. Qxc7 Qe3 38. Qxf7+ Kh6 39. Qf8+ Kh5 40.
Be2+ Kg5 41. Qf4+ 1-0

[Event "Euro Online U2300 Day 1"]
[Site "chess.com INT"]
[Date "2020.05.25"]
[Round "6"]
[White "Zvereva, Margarita"]
[Black "Chalus, Karel"]
[Result "1-0"]
[WhiteTitle "WFM"]
[WhiteElo "1929"]
[BlackElo "2044"]
[WhiteFideId "34177741"]
[BlackFideId "311723"]
[EventDate "2020.05.25"]

1. d4 d5 2. Nf3 Nf6 3. e3 e6 4. Bd3 c5 5. b3 Be7 6. O-O O-O 7. Bb2 b6 8. Nbd2
Nc6 9. a3 Bb7 10. Qe2 cxd4 11. exd4 Rc8 12. Ne5 g6 13. Ndf3 Re8 14. Nxc6 Rxc6
15. Bb5 Rc7 16. Bxe8 Qxe8 17. Ne5 Qc8 18. c4 dxc4 19. bxc4 Ne4 20. f3 Nd6 21.
Rac1 Ba6 22. Qe3 Bf6 23. Rf2 Nxc4 24. Nxc4 Rxc4 25. Rxc4 Qxc4 26. Qc3 Qb5 27. g3
Bb7 28. Qc7 Qd5 29. Kg2 Bg5 30. Qb8+ Kg7 31. Qe5+ Qxe5 32. dxe5 Be3 33. Rc2 Bc5
34. h4 Bd5 35. g4 Kf8 36. Kg3 Ke7 37. f4 Kd7 38. h5 Kc6 39. hxg6 hxg6 40. Rh2
Kb5 41. Rh7 Ka4 42. Rxf7 a5 43. Rd7 Bxa3 44. Bxa3 Kxa3 45. Rxd5 Kb4 46. Rd6 b5
47. Rxe6 a4 48. Ra6 a3 49. e6 1-0

[Event "Euro Online U2300 Day 1"]
[Site "chess.com INT"]
[Date "2020.05.25"]
[Round "6"]
[White "Werle, Iozefina"]
[Black "Daianu, Cristian-Clement"]
[Result "1-0"]
[WhiteTitle "WGM"]
[BlackTitle "FM"]
[WhiteElo "2300"]
[BlackElo "2224"]
[WhiteFideId "1213261"]
[BlackFideId "1208926"]
[EventDate "2020.05.25"]

1. e4 c5 2. Nf3 d6 3. Bc4 e6 4. O-O Nf6 5. Re1 Be7 6. b3 O-O 7. Bb2 Nxe4 8. Rxe4
d5 9. Rg4 Bf6 10. Bxf6 Qxf6 11. Nc3 dxc4 12. Rxc4 b6 13. Ne4 Qe7 14. Nfg5 h6 15.
Qh5 Nc6 16. Nf3 Bb7 17. Nc3 Rad8 18. Rg4 Kh8 19. Re1 Nd4 20. Nxd4 cxd4 21. Nb5
Rd5 22. Re5 Rfd8 23. a4 a6 24. c4 Rxe5 25. Qxe5 axb5 26. Qxg7# 1-0

[Event "Euro Online U2300 Day 1"]
[Site "chess.com INT"]
[Date "2020.05.25"]
[Round "6"]
[White "Hewitt, William"]
[Black "Brett, Andrew R"]
[Result "0-1"]
[WhiteElo "1997"]
[BlackElo "2085"]
[WhiteFideId "1800280"]
[BlackFideId "416460"]
[EventDate "2020.05.25"]

1. e4 e5 2. Nf3 Nc6 3. d4 exd4 4. Nxd4 Nf6 5. Nc3 Bb4 6. Nxc6 bxc6 7. Bd3 d5 8.
exd5 cxd5 9. O-O O-O 10. h3 Re8 11. Qf3 c6 12. Bf4 Qe7 13. a3 Bxc3 14. bxc3 Be6
15. Rfe1 c5 16. a4 c4 17. Bf1 Ne4 18. Bxc4 Qf6 19. Bb5 Rec8 20. Bd3 Rxc3 21.
Rxe4 Rxd3 22. cxd3 Qxa1+ 23. Kh2 dxe4 24. Qxe4 Rd8 25. Be5 Qc1 26. Qg4 Bxg4 0-1

[Event "Euro Online U2300 Day 1"]
[Site "chess.com INT"]
[Date "2020.05.25"]
[Round "6"]
[White "Kamer, Kayra"]
[Black "Frenkel, Ran"]
[Result "1-0"]
[WhiteTitle "FM"]
[WhiteElo "2325"]
[BlackElo "2245"]
[WhiteFideId "6367879"]
[BlackFideId "2815974"]
[EventDate "2020.05.25"]

1. e4 e5 2. Nf3 Nc6 3. Bb5 a6 4. Ba4 Nf6 5. Bxc6 dxc6 6. d3 Nd7 7. Nbd2 Bd6 8.
Nc4 O-O 9. h4 Re8 10. h5 Nf8 11. Nh4 Ne6 12. Ne3 Bb4+ 13. c3 Be7 14. Nef5 Bg5
15. Bxg5 Qxg5 16. Rh3 g6 17. Rg3 Qf6 18. hxg6 fxg6 19. Qh5 Nf4 20. Qh6 Bxf5 21.
Nxf5 Rad8 22. Rd1 Kh8 23. Nh4 Qg7 24. Qg5 Qe7 25. Qg4 Rd6 26. Nf3 Nxd3+ 27. Kf1
Nxb2 28. Rb1 Rd1+ 29. Rxd1 Nxd1 30. Ng5 Nb2 31. Rh3 h5 32. Rxh5+ gxh5 33. Qxh5+
Kg8 34. Qg6+ Kf8 35. Nh7+ Qxh7 36. Qxh7 Nc4 37. g4 Re7 38. Qh8+ Kf7 39. g5 Re6
40. Qh7+ 1-0

[Event "Euro Online U2300 Day 1"]
[Site "chess.com INT"]
[Date "2020.05.25"]
[Round "6"]
[White "Akhayan, Ruben"]
[Black "Pedersen, Henrik Dahl"]
[Result "0-1"]
[WhiteTitle "FM"]
[WhiteElo "2255"]
[BlackElo "2225"]
[WhiteFideId "204439"]
[BlackFideId "1404199"]
[EventDate "2020.05.25"]

1. d4 Nf6 2. Nf3 e6 3. g3 b6 4. Bg2 Bb7 5. O-O Be7 6. c4 O-O 7. Nc3 Ne4 8. Qc2
Nxc3 9. bxc3 d6 10. d5 e5 11. e4 Nd7 12. Ne1 Ba6 13. Qe2 Bf6 14. Nc2 Nc5 15. Ne3
Bc8 16. Ba3 g6 17. Rae1 Bg7 18. Bxc5 bxc5 19. Rb1 f5 20. exf5 gxf5 21. f4 e4 22.
Rb3 a5 23. Qc2 Qf6 24. Rc1 a4 25. Rbb1 Bd7 26. Rb7 Rac8 27. Bh3 h5 28. Kf2 Kf7
29. Ra7 h4 30. Rg1 hxg3+ 31. Rxg3 Bh6 32. Ng2 Ke7 33. Qe2 Rh8 34. Qe3 Kd8 35.
Rb7 Bg7 36. Rb1 Qf7 37. Rg1 Bf6 38. Qd2 Rb8 39. Ne3 Bh4 40. Nd1 Qh5 41. Ke3 Bxg3
42. Rxg3 Rb1 43. Nf2 Kc8 44. Qc2 Re1+ 45. Kd2 Qe2# 0-1

[Event "Euro Online U2300 Day 1"]
[Site "chess.com INT"]
[Date "2020.05.25"]
[Round "6"]
[White "Vesselovsky, Serguei"]
[Black "Stoleriu, George"]
[Result "1-0"]
[WhiteTitle "IM"]
[BlackTitle "FM"]
[WhiteElo "2317"]
[BlackElo "2349"]
[WhiteFideId "313998"]
[BlackFideId "1227505"]
[EventDate "2020.05.25"]

1. e4 e6 2. d4 d5 3. Nc3 Bb4 4. e5 c5 5. Bd2 Ne7 6. Nce2 Bxd2+ 7. Qxd2 cxd4 8.
f4 Nbc6 9. Nf3 Qb6 10. O-O-O Nf5 11. Nexd4 Nfxd4 12. Nxd4 Bd7 13. h4 Nxd4 14.
Qxd4 Qxd4 15. Rxd4 h5 16. Rh3 Rc8 17. Rg3 g6 18. Ra3 a6 19. Rb4 Rc7 20. Kd2 Ke7
21. Rc3 Rxc3 22. Kxc3 Rc8+ 23. Kd2 b5 24. Rb3 Rc5 25. Rc3 Rc8 26. Rxc8 Bxc8 27.
Kc3 Kd7 28. Kd4 Kc6 29. a3 a5 30. b4 axb4 31. axb4 Bd7 32. Be2 Kb6 33. g4 hxg4
34. Bxg4 Be8 35. h5 gxh5 36. Bxh5 Kc6 37. f5 Kd7 38. f6 Kc6 39. c3 Kb6 40. Ke3
Kc6 41. Kf4 d4 42. Bf3+ Kb6 43. cxd4 Kc7 44. Kg5 Kd8 45. Kh6 Bd7 46. Kg7 1-0

[Event "Euro Online U2300 Day 1"]
[Site "chess.com INT"]
[Date "2020.05.25"]
[Round "6"]
[White "Usmanov, Ilnur"]
[Black "Salna, Aleksandras"]
[Result "1-0"]
[WhiteElo "2147"]
[BlackElo "2063"]
[WhiteFideId "4111303"]
[BlackFideId "12807575"]
[EventDate "2020.05.25"]

1. c4 c6 2. Nc3 d5 3. d4 Nf6 4. cxd5 cxd5 5. Bf4 Nc6 6. e3 a6 7. Rc1 Bf5 8. Bd3
Bxd3 9. Qxd3 e6 10. Nf3 Bd6 11. Bg5 O-O 12. O-O h6 13. Bh4 Rc8 14. Na4 Nb4 15.
Qb3 b5 16. Nc5 Bxc5 17. Rxc5 Rxc5 18. dxc5 Nc6 19. Nd4 Qc7 20. Bxf6 gxf6 21. Qc3
b4 22. Qd3 Ne5 23. Qc2 Nc4 24. c6 Rc8 25. b3 Na5 26. Rc1 Rb8 27. h3 Rb6 28. Qc5
Rb8 29. Rc2 Kg7 30. Rc1 Rc8 31. Qxb4 Kg6 32. Rc5 e5 33. Qxa5 Qxa5 34. Rxa5 exd4
35. exd4 Rxc6 36. Rxd5 f5 37. Rc5 Rd6 38. d5 Kg5 39. Rc6 Rxd5 40. Rxa6 f4 41. a4
f3 42. gxf3 Kf4 43. Rf6+ 1-0

[Event "Euro Online U2300 Day 1"]
[Site "chess.com INT"]
[Date "2020.05.25"]
[Round "6"]
[White "Mesnyankin, Nikita"]
[Black "Manukyan, Sargis A."]
[Result "1-0"]
[BlackTitle "FM"]
[WhiteElo "2176"]
[BlackElo "2244"]
[WhiteFideId "24175935"]
[BlackFideId "13303970"]
[EventDate "2020.05.25"]

1. e4 c5 2. Nf3 d6 3. d4 cxd4 4. Nxd4 Nf6 5. Nc3 g6 6. Be2 Bg7 7. O-O O-O 8. Be3
Nc6 9. Nb3 b6 10. Qd2 Bb7 11. f4 Rc8 12. Rad1 Nd7 13. e5 Nc5 14. Bg4 Rb8 15.
exd6 exd6 16. Qxd6 Qxd6 17. Rxd6 Nxb3 18. cxb3 Nb4 19. Rfd1 h5 20. Bf3 Bxf3 21.
gxf3 Bxc3 22. bxc3 Nxa2 23. c4 Rfe8 24. Kf2 Nb4 25. f5 Rb7 26. fxg6 fxg6 27.
Rxg6+ Kf7 28. Rh6 Rbe7 29. Bg5 Re2+ 30. Kg3 h4+ 31. Bxh4 Rg8+ 32. Kf4 Kg7 33.
Rg1+ Kxh6 34. Rxg8 Rxh2 35. Bf6 Rf2 36. Rg7 a5 37. Rb7 Rf1 38. Rxb6 Kh7 39. Bc3
Nd3+ 40. Ke3 Ne1 41. Bxe1 Rxe1+ 42. Kd4 Ra1 43. Ra6 Rb1 44. Kc3 Ra1 45. Kb2 Rf1
46. Rxa5 Rxf3 47. Rg5 Kh6 48. Rg1 Kh5 49. Ka3 1-0

[Event "Euro Online U2300 Day 1"]
[Site "chess.com INT"]
[Date "2020.05.25"]
[Round "6"]
[White "Yeke, Serkan"]
[Black "Maletina, Tatiana"]
[Result "1-0"]
[WhiteTitle "FM"]
[BlackTitle "WIM"]
[WhiteElo "2099"]
[BlackElo "2270"]
[WhiteFideId "6301142"]
[BlackFideId "24145084"]
[EventDate "2020.05.25"]

1. Nf3 d5 2. d4 c6 3. e3 Bg4 4. c4 e6 5. Qb3 Qb6 6. c5 Qxb3 7. axb3 Nd7 8. b4
Bxf3 9. gxf3 g6 10. f4 Ne7 11. Nc3 Bg7 12. b5 O-O 13. Bd2 Nf6 14. Bd3 b6 15. b4
Rfb8 16. Ke2 bxc5 17. bxc5 cxb5 18. Nxb5 a6 19. Nc7 Ra7 20. Nxa6 Rb2 21. Rhb1
Rab7 22. Rxb2 Rxb2 23. Rb1 Ra2 24. Nb4 Ra8 25. f3 Ne8 26. Na6 Nc6 27. Rb6 Na7
28. Rb7 Nc6 29. Bb5 Nd8 30. Rb8 Rxb8 31. Nxb8 Nc7 32. Ba4 Nb7 33. Bc6 Nd8 34.
Ba5 Nxc6 35. Nxc6 Na6 36. Kd3 Kf8 37. Kc2 Ke8 38. Kb3 Kd7 39. Nd8 f6 40. Ka4 Bf8
41. Kb5 Nb8 42. c6+ Kc8 43. Nxe6 Ba3 44. Bc7 Bc1 45. e4 dxe4 46. fxe4 g5 47.
fxg5 fxg5 48. d5 h5 49. d6 g4 50. Bxb8 Kxb8 51. d7 Bg5 52. c7+ Ka7 53. c8=Q g3
54. Nc5 gxh2 55. Qb7# 1-0

[Event "Euro Online U2300 Day 1"]
[Site "chess.com INT"]
[Date "2020.05.25"]
[Round "6"]
[White "Mladek, Richard"]
[Black "Ruperez Benito, Antonio"]
[Result "0-1"]
[WhiteTitle "FM"]
[BlackTitle "FM"]
[WhiteElo "2280"]
[BlackElo "2356"]
[WhiteFideId "386588"]
[BlackFideId "22245049"]
[EventDate "2020.05.25"]

1. e4 e6 2. d4 d5 3. Nd2 Nf6 4. e5 Nfd7 5. Bd3 c5 6. c3 Nc6 7. Ngf3 g6 8. O-O
Qb6 9. Re1 cxd4 10. cxd4 Nxd4 11. Nxd4 Qxd4 12. Nf3 Qb6 13. Qe2 Nc5 14. Be3 Qd8
15. Bb5+ Bd7 16. Rac1 a6 17. Rxc5 Bxb5 18. Qd2 Bxc5 19. Bxc5 Rc8 20. Bd6 Rc6 21.
Qh6 Rxd6 22. Qg7 Rf8 23. exd6 Qxd6 24. Ng5 Qb4 25. Rc1 Qd2 26. Rc8+ Kd7 27. h4
Rxc8 28. Qxf7+ Kc6 29. Qxe6+ Kc7 30. Qe5+ Kb6 31. Nf3 Qc1+ 32. Kh2 Qc7 0-1

[Event "Euro Online U2300 Day 1"]
[Site "chess.com INT"]
[Date "2020.05.25"]
[Round "6"]
[White "Skuhala, Jernej"]
[Black "Suleymanli, Aydin"]
[Result "0-1"]
[WhiteTitle "FM"]
[BlackTitle "IM"]
[WhiteElo "2342"]
[BlackElo "2512"]
[WhiteFideId "14605651"]
[BlackFideId "13413937"]
[EventDate "2020.05.25"]

1. e4 c6 2. d4 d5 3. Nc3 dxe4 4. Nxe4 Bf5 5. Ng3 Bg6 6. c3 Nd7 7. Nf3 e6 8. h4
h6 9. h5 Bh7 10. Bd3 Bxd3 11. Qxd3 Ngf6 12. Bf4 Nd5 13. Bd2 a5 14. O-O-O a4 15.
Kb1 b5 16. Rhe1 Be7 17. Ne5 Nxe5 18. Rxe5 Bf6 19. Re4 Nb6 20. Rg4 Nc4 21. Bc1
Qa5 22. Ne4 a3 23. b3 Nb2 24. Bxb2 axb2 25. a4 bxa4 26. b4 Qxh5 27. Qf3 Qd5 28.
c4 Qf5 29. Rf4 Qg6 30. Kxb2 a3+ 31. Ka2 Ke7 32. d5 cxd5 33. cxd5 Rhd8 34. Rd2
Be5 35. Rg4 Qf5 36. Qe2 exd5 37. Nc5 Kf8 38. Rh4 Bb2 39. g4 Qb1+ 40. Kxb1 a2+
41. Kc2 a1=Q 42. Qd1 Qa2 43. Qb1 Bf6+ 0-1